000 00385nam a2200145Ia 4500
008 100122s9999 xx 000 0 und d
082 _b55001
_a823.08
100 _aजोशी शशिकांत
245 _aसंकेत
260 _bवंदन प्रकाशन
_c1995
300 _a111
630 _aसंकेत
730 _aसंकेत
942 _cBOOK
999 _c431727
_d431724